=LDR 00000nam 2200000 4500 =001 INLIS000000000006647 =005 20251112011108 =035 ##$$a 0010-1125000521 =007 ta =008 251112###########################0#ind## =082 ##$$a 304.6 =084 ##$$a 304.6 BAD p =100 #$$a Badan Koordinasi Keluarga Berencana Nasional =245 1#$$a Pernyataan Roma Tentang Kependudukan dan Masa Depan Kota /$c Badan Koordinasi Keluarga Berencana Nasional =260 ##$$a Ujung Pandang :$b Jaringan Informasi dan Dokumentasi KB/K,$c 1980 =300 ##$$a 11 Hal : $b Ilus ; $c 21 =650 #4$$a Keluarga Berencana =856 ##$$a Perpustakaan Kemendukbangga